00369nam a2200121Ia 4500008004100000245003100041260000900072300003000081440002400111650002100135999001900156952007200175180117s9999 xx 000 0 und d aThis week Arts and Culture c2017 a16-18 pages, 2017 July 16 aPhilippine Panorama aARTS AND CULTURE c353329d353329 001040aCLbCLd2018-01-17l0r2018-01-17 00:00:00w2018-01-17ySE